000 00518nam a22001457a 4500
008 151027b xxu||||| |||| 00| 0 eng d
020 _a9789966463807
050 _aAFR PR 9381.6 .L88 2014
100 _aLuvai, Arthur A.
_d2014
245 _aBoundless Voices :
_bPoems from Kenya /
_cArthur I. Luvai
260 _aNairobi:
_bEast African Educational Publishers,
_c2014.
300 _axviii, 229p.
_c18cm.
650 _aKenyan-literature
942 _2lcc
_cAFRICANA
_hAFR PR 9381.6 .L88 2014
_01
999 _c9489
_d9489